| 000 | 00967cab a2200277 4500 | ||
|---|---|---|---|
| 001 | WB3114-13 | ||
| 008 | 090401t1995 xxu||||| |||| 00| 0 eng d | ||
| 035 | _a(Sirsi) u46123 | ||
| 041 | _aeng | ||
| 245 | _aProperty confidence | ||
| 260 | _c1995 | ||
| 350 | _a0 | ||
| 490 |
_aEstates Gazette _v(9513) 1 April 1995, 46(1) |
||
| 520 | _aIncreased business confidence has not led to higher take-up according to JLW`s "Property confidence review" on the second half of 1994 which shows that despite a rise in office demand, unwanted space was disposed of at a faster rate. | ||
| 650 | _aBUSINESS CONFIDENCE | ||
| 650 | _aJONES LANG WOOTTON | ||
| 650 | _aLONDON | ||
| 650 | _aPROPERTY-COMMERCIAL PROPERTY-OFFICE PROPERTY-OFFICE PROPERTY MARKET | ||
| 650 | _aOFFICE SPACE | ||
| 650 | _aPROPERTY CONFIDENCE REVIEW | ||
| 650 | _aSOUTH EAST | ||
| 650 | _aSUPPLY AND DEMAND | ||
| 690 | _aPROPERTY-COMMERCIAL PROPERTY | ||
| 942 | _n0 | ||
| 948 | _c04/03/1997 | ||
| 999 |
_c29185 _d29185 |
||